18, no time to waste. (Record no. 7365)

MARC details
000 -LEADER
fixed length control field 00645nam a2200229 4500
001 - CONTROL NUMBER
control field 3603377
003 - CONTROL NUMBER IDENTIFIER
control field GBCCL
005 - DATE AND TIME OF LATEST TRANSACTION
control field 20241126110626.0
008 - FIXED-LENGTH DATA ELEMENTS--GENERAL INFORMATION
fixed length control field 720114s1971 miua 000 0aeng
010 ## -
-- 71157400
040 ## - CATALOGING SOURCE
Original cataloging agency DLC
Transcribing agency DLC
Modifying agency DLC
050 00 -
-- CT275.J6777
-- A3
082 00 - DEWEY DECIMAL CLASSIFICATION NUMBER
Classification number 917.30392
-- B
Item number JOH
100 1# - MAIN ENTRY--PERSONAL NAME
Personal name Johnson, Margaret.
9 (RLIN) 7286
245 10 - TITLE STATEMENT
Title 18, no time to waste.
Statement of responsibility, etc. Illus. by Frank Morton.
260 ## - PUBLICATION, DISTRIBUTION, ETC.
Place of publication, distribution, etc. Grand Rapids,
Name of publisher, distributor, etc. Zondervan Pub. House
Date of publication, distribution, etc. [1971]
300 ## - PHYSICAL DESCRIPTION
Extent 117 p.
Other physical details illus.
Dimensions 22 cm.
350 ## - PRICE (NR) (BK AM CF MU VM SE) [OBSOLETE]
Price $3.95
600 10 - SUBJECT ADDED ENTRY--PERSONAL NAME
Personal name Johnson, Margaret.
9 (RLIN) 7286
906 ## - LOCAL DATA ELEMENT F, LDF (RLIN)
a 7
b cbc
c orignew
d 2
e ncip
f 19
g y-gencatlg
942 ## - ADDED ENTRY ELEMENTS (KOHA)
Source of classification or shelving scheme Dewey Decimal Classification
Koha item type Books
Holdings
Withdrawn status Lost status Source of classification or shelving scheme Damaged status Not for loan Home library Current Library Shelving location Date acquired Total checkouts Full call number Barcode Date last seen Copy number Price effective from Koha item type
    Dewey Decimal Classification     GRACE BIBLE COLLEGE GRACE BIBLE COLLEGE General Studies 2018-08-01   917.30392 JOH 000149 2025-05-01 c.1 2018-08-01 Books
© Grace Bible College Library 2025